[Event "Mistrovstvi CR senioru nad 70 a 80 let"]
[Site "?"]
[Date "2017.08.24"]
[Round "6"]
[White "Jacek, Miloslav"]
[Black "Skokan, Zdenek"]
[Result "1/2-1/2"]
[WhiteElo "1980"]
[BlackElo "1936"]
[PlyCount "60"]
[EventDate "2017.08.19"]

1. d4 f5 2. Nf3 Nf6 3. g3 e6 4. Bg2 Be7 5. O-O O-O 6. c4 d5 7. b3 c6 8. Bb2 Qe8
9. Nbd2 Qh5 10. Ne5 Nbd7 11. Ndf3 Nxe5 12. Nxe5 Ng4 13. Nxg4 fxg4 14. e4 dxe4
15. Bxe4 Bd7 16. f3 gxf3 17. Rxf3 Rxf3 18. Qxf3 Qxf3 19. Bxf3 Bf6 20. Rd1 Be8
21. Bc1 Rd8 22. Be3 Bf7 23. Kf2 a6 24. b4 Kf8 25. a4 Be7 26. Rb1 Bf6 27. b5
axb5 28. axb5 Bxd4 29. bxc6 bxc6 30. Bxc6 e5 1/2-1/2

[Event "Mistrovstvi CR senioru nad 70 a 80 let"]
[Site "?"]
[Date "2017.08.24"]
[Round "6"]
[White "Pojedziniec, Wladyslaw"]
[Black "Slizek, Josef"]
[Result "1-0"]
[WhiteElo "1961"]
[BlackElo "1926"]
[PlyCount "93"]
[EventDate "2017.08.19"]

1. d4 Nf6 2. c4 e6 3. Nc3 Bb4 4. f3 d5 5. a3 Bxc3+ 6. bxc3 c6 7. e3 Qa5 8. Bd2
Qc7 9. cxd5 exd5 10. Bd3 O-O 11. Ne2 Re8 12. O-O Nbd7 13. Ng3 Nf8 14. e4 Kh8
15. e5 Ng8 16. f4 f6 17. Qc2 g6 18. exf6 Nxf6 19. f5 gxf5 20. Bf4 Qe7 21. Nxf5
Bxf5 22. Bxf5 Ne4 23. Be5+ Kg8 24. Bxe4 dxe4 25. Qxe4 Ng6 26. Qg4 Rf8 27. a4
Rae8 28. Rfe1 Qh4 29. Qxh4 Nxh4 30. Bd6 Rxe1+ 31. Rxe1 Rf7 32. Re4 Ng6 33. c4
Rd7 34. c5 Kf7 35. Kf2 Kf6 36. g4 Kg5 37. Kg3 Rd8 38. h4+ Kf6 39. h5 Nf8 40.
Bxf8 Rxf8 41. Rf4+ Ke7 42. Rxf8 Kxf8 43. g5 Kg7 44. a5 Kf7 45. Kf4 Ke7 46. Kf5
Kf7 47. Ke5 1-0

[Event "Mistrovstvi CR senioru nad 70 a 80 let"]
[Site "?"]
[Date "2017.08.24"]
[Round "6"]
[White "Bakalar, Jan"]
[Black "Mesiarik, Rudolf"]
[Result "1/2-1/2"]
[WhiteElo "1946"]
[BlackElo "2068"]
[PlyCount "20"]
[EventDate "2017.08.19"]

1. d4 Nf6 2. Nf3 e6 3. Bf4 c5 4. e3 Nc6 5. c3 Be7 6. h3 O-O 7. Bd3 d6 8. Qc2
Re8 9. dxc5 dxc5 10. Na3 Bd7 1/2-1/2

[Event "Mistrovstvi CR senioru nad 70 a 80 let"]
[Site "?"]
[Date "2017.08.24"]
[Round "6"]
[White "Volf, Jaroslav"]
[Black "Bainhofner, Jiri"]
[Result "1-0"]
[WhiteElo "2029"]
[BlackElo "1748"]
[PlyCount "59"]
[EventDate "2017.08.19"]

1. e4 d6 2. d4 Nf6 3. Nc3 g6 4. f4 Bg7 5. Nf3 O-O 6. Be2 c5 7. e5 Ng4 8. dxc5
dxc5 9. Ng5 Qxd1+ 10. Bxd1 f6 11. exf6 exf6 12. Nge4 f5 13. Bxg4 fxg4 14. Bd2
Bxc3 15. Nxc3 Re8+ 16. Kf2 Kf8 17. Rhe1 Bf5 18. Rxe8+ Kxe8 19. Re1+ Kd8 20. Nd5
Nc6 21. Bc3 Nd4 22. Nf6 Kc7 23. Nxh7 Rh8 24. Re7+ Kc6 25. b4 b6 26. bxc5 bxc5
27. Nf6 Rxh2 28. Kg3 Rh1 29. Nxg4 Ne2+ 30. Rxe2 1-0

[Event "Mistrovstvi CR senioru nad 70 a 80 let"]
[Site "?"]
[Date "2017.08.24"]
[Round "6"]
[White "Klimes, Jiri"]
[Black "Vitek, Vaclav"]
[Result "0-1"]
[WhiteElo "1834"]
[BlackElo "1995"]
[PlyCount "78"]
[EventDate "2017.08.19"]

1. e4 c6 2. d4 d5 3. Nc3 dxe4 4. Nxe4 Nf6 5. Nxf6+ gxf6 6. Bc4 Bf5 7. Bf4 e6 8.
Ne2 Bd6 9. Bh6 Rg8 10. Ng3 Nd7 11. Nxf5 Qa5+ 12. Qd2 Qxf5 13. f3 O-O-O 14.
O-O-O Qh5 15. Be3 Nb6 16. Bd3 Nd5 17. g4 Qh3 18. c4 Nxe3 19. Qxe3 Qh4 20. Kb1
Rge8 21. d5 c5 22. Be4 f5 23. Bc2 Kb8 24. gxf5 exd5 25. Qc3 d4 26. Qa5 Rc8 27.
Be4 Rxe4 28. fxe4 Qxe4+ 29. Ka1 Qxf5 30. Rhf1 Qe6 31. h4 Qxc4 32. Qd2 Be5 33.
Qh6 d3 34. Qxh7 Qd4 35. Rb1 f6 36. Rg1 c4 37. Rg7 Qb6 38. a3 Qb3 39. Rd7 Qxa3#
0-1

[Event "Mistrovstvi CR senioru nad 70 a 80 let"]
[Site "?"]
[Date "2017.08.24"]
[Round "6"]
[White "Folta, Jaroslav"]
[Black "Trojan, Lubos"]
[Result "1-0"]
[WhiteElo "1794"]
[BlackElo "1989"]
[PlyCount "153"]
[EventDate "2017.08.19"]

1. d4 Nf6 2. Bf4 e6 3. e3 Nc6 4. c3 Ne7 5. Bd3 Ng6 6. Bg3 d5 7. Nd2 Bd6 8. f4
Bd7 9. Nh3 c5 10. Ng5 Ne7 11. Ngf3 Qb6 12. Rb1 cxd4 13. Nxd4 a6 14. O-O Nc6 15.
N2f3 Rd8 16. Ne5 Nxd4 17. exd4 Bb5 18. Bh4 Bxd3 19. Qxd3 Be7 20. Qd1 O-O 21.
Rf3 Qc7 22. Rh3 g6 23. Bg5 Ne4 24. Bxe7 Qxe7 25. Nf3 Qf6 26. g3 b5 27. Ne5 Qf5
28. Rh4 h5 29. Qc1 f6 30. g4 hxg4 31. Nxg4 Kg7 32. Nh6 Qh5 33. Rxh5 gxh5 34. f5
e5 35. dxe5 fxe5 36. Qe3 Rf6 37. h3 Rxh6 38. Kh2 Rf6 39. Rg1+ Kh8 40. Qf3 Rh6
41. Qg2 Rh7 42. Qg6 Rf8 43. Qe6 Nf6 44. Qxe5 Rhf7 45. Rg6 Re8 46. Qf4 Re2+ 47.
Kh1 Re1+ 48. Rg1 Re8 49. Qh6+ Nh7 50. Qxh5 Ref8 51. Qg6 Nf6 52. Qh6+ Nh7 53.
Rf1 Rf6 54. Qh5 b4 55. cxb4 d4 56. Qg4 Rd8 57. Rg1 Rf7 58. f6 d3 59. Rd1 Rxf6
60. Qg3 d2 61. Qc3 Kg8 62. Rxd2 Rdf8 63. Rg2+ Kh8 64. Rf2 Kg7 65. Rxf6 Rxf6 66.
a4 Ng5 67. Qe5 Kg6 68. Qg3 Rf3 69. Qd6+ Kh5 70. Qxa6 Rxh3+ 71. Kg2 Rb3 72. Qe2+
Kh4 73. b5 Rb4 74. a5 Re4 75. Qd2 Rg4+ 76. Kf1 Kh5 77. b6 1-0

[Event "Mistrovstvi CR senioru nad 70 a 80 let"]
[Site "?"]
[Date "2017.08.24"]
[Round "6"]
[White "Leiner, Raimund"]
[Black "Glembek, Bohumir"]
[Result "1/2-1/2"]
[WhiteElo "1981"]
[BlackElo "1792"]
[PlyCount "44"]
[EventDate "2017.08.19"]

1. d4 Nf6 2. Nf3 g6 3. c4 d5 4. e3 Bg7 5. Nc3 O-O 6. cxd5 Nxd5 7. Bd2 c6 8. Be2
Nd7 9. O-O N7f6 10. h3 Nxc3 11. bxc3 Re8 12. Ne5 Ne4 13. Be1 Bxe5 14. dxe5 Qc7
15. f4 Be6 16. Qc2 f5 17. Rb1 b5 18. c4 Qb6 19. Rf3 Rac8 20. Bd3 Nc5 21. cxb5
Nxd3 22. Qxd3 Bxa2 1/2-1/2

[Event "Mistrovstvi CR senioru nad 70 a 80 let"]
[Site "?"]
[Date "2017.08.24"]
[Round "6"]
[White "Bodlak, Stanislav"]
[Black "Zikmund, Jaroslav"]
[Result "0-1"]
[WhiteElo "1646"]
[BlackElo "1807"]
[PlyCount "80"]
[EventDate "2017.08.19"]

1. d4 d5 2. c4 c6 3. Nc3 Nf6 4. e3 Nbd7 5. Nf3 e6 6. a3 Bd6 7. cxd5 exd5 8. Bd3
O-O 9. b4 Re8 10. O-O Ne4 11. Qc2 Ndf6 12. h3 h6 13. Bb2 Bf5 14. Nd2 Qd7 15.
Ndxe4 dxe4 16. Be2 Bxh3 17. Rfe1 Bg4 18. Bf1 Bh5 19. Ne2 Qg4 20. g3 Qf5 21. Nf4
Bf3 22. Bh3 Qg5 23. Bg2 Bxf4 24. exf4 Qh5 25. Bxf3 Qxf3 26. Re3 Qg4 27. Kg2 Qg6
28. Rh1 Nd5 29. Rh4 Nxe3+ 30. fxe3 f5 31. Qc4+ Qe6 32. Qc3 Qd5 33. Rh5 g6 34.
Rxh6 Kg7 35. Rh1 Rh8 36. Rxh8 Rxh8 37. Qc5 Kh6 38. b5 Qxc5 39. dxc5 Rd8 40. Bd4
cxb5 0-1

[Event "Mistrovstvi CR senioru nad 70 a 80 let"]
[Site "?"]
[Date "2017.08.24"]
[Round "6"]
[White "Just, Pavel"]
[Black "Vlachopulos, Elefteris"]
[Result "1/2-1/2"]
[WhiteElo "1994"]
[BlackElo "1751"]
[PlyCount "44"]
[EventDate "2017.08.19"]

1. e4 c6 2. d4 d5 3. f3 e6 4. Bd3 g6 5. Ne2 Bg7 6. c3 Nd7 7. e5 Qb6 8. b3 c5 9.
Ba3 cxd4 10. cxd4 a5 11. Nbc3 Bf8 12. Bxf8 Kxf8 13. h4 h5 14. Qd2 Ne7 15. g4
Nc6 16. Qf4 Kg7 17. Rc1 Qb4 18. Kf2 Qe7 19. gxh5 Rxh5 20. Ng3 Rh6 21. Rcg1
Ndxe5 22. dxe5 Qc5+ 1/2-1/2

[Event "Mistrovstvi CR senioru nad 70 a 80 let"]
[Site "?"]
[Date "2017.08.24"]
[Round "6"]
[White "Slovak, Martin"]
[Black "Vesely, Emanuel"]
[Result "0-1"]
[WhiteElo "1736"]
[BlackElo "1745"]
[PlyCount "88"]
[EventDate "2017.08.19"]

1. d4 Nf6 2. c4 e6 3. Nc3 Bb4 4. a3 Bxc3+ 5. bxc3 O-O 6. Qc2 d6 7. Nf3 Re8 8.
e4 e5 9. d5 Nbd7 10. Bg5 h6 11. Bxf6 Qxf6 12. Bd3 Nc5 13. h3 Bd7 14. a4 a5 15.
Qd1 b6 16. Bc2 Rf8 17. g3 Qe7 18. Nh4 g6 19. Qf3 Kg7 20. Qe3 Qg5 21. Qxg5 hxg5
22. Nf3 g4 23. hxg4 Bxg4 24. Ke2 Rh8 25. Ke3 Rxh1 26. Rxh1 Rh8 27. Rxh8 Kxh8
28. Ng5 Kg7 29. f4 Bd7 30. fxe5 dxe5 31. Nf3 f6 32. Ne1 Nxa4 33. Kd2 Nc5 34.
Ke3 Bg4 35. Nd3 Nxd3 36. Kxd3 Kh6 37. Ke3 Bd7 38. Bb3 Kg7 39. Kd2 Kf8 40. Ke3
Ke7 41. Kf3 Kd6 42. g4 g5 43. Kg3 Kc5 44. Kf3 Bc8 0-1

[Event "Mistrovstvi CR senioru nad 70 a 80 let"]
[Site "?"]
[Date "2017.08.24"]
[Round "6"]
[White "Pavlu, Jiri"]
[Black "Labik, Jaroslav"]
[Result "1-0"]
[WhiteElo "1822"]
[BlackElo "1657"]
[PlyCount "79"]
[EventDate "2017.08.19"]

1. d4 Nf6 2. c4 e6 3. Bg5 h6 4. Bxf6 Qxf6 5. Nc3 Bb4 6. a3 Bxc3+ 7. bxc3 c5 8.
e3 Nc6 9. Nf3 O-O 10. Rc1 cxd4 11. cxd4 b6 12. Be2 Bb7 13. O-O d6 14. e4 Rfd8
15. d5 Ne5 16. Nxe5 Qxe5 17. Qd3 exd5 18. cxd5 Rac8 19. Bg4 Rc5 20. Rxc5 bxc5
21. f3 Qe7 22. Rb1 Bc8 23. Bxc8 Rxc8 24. Qa6 Rc7 25. Qb5 Kh7 26. a4 Qd7 27. Qb3
Qc8 28. Qc2 g6 29. f4 f6 30. Qc3 Qd8 31. a5 Qe7 32. Re1 Qf7 33. a6 Re7 34. Qd3
Kg7 35. Rb1 g5 36. fxg5 hxg5 37. Rb2 Qe8 38. Rb7 Rxb7 39. axb7 Qb8 40. Qb5 1-0

[Event "Mistrovstvi CR senioru nad 70 a 80 let"]
[Site "?"]
[Date "2017.08.25"]
[Round "7"]
[White "Chmelik, Jiri"]
[Black "Volf, Jaroslav"]
[Result "1/2-1/2"]
[WhiteElo "1994"]
[BlackElo "2029"]
[PlyCount "20"]
[EventDate "2017.08.19"]

1. d4 Nf6 2. c4 g6 3. Nc3 d5 4. Nf3 Bg7 5. e3 c6 6. Qb3 dxc4 7. Bxc4 e6 8. O-O
O-O 9. h3 Nbd7 10. e4 Qc7 1/2-1/2

[Event "Mistrovstvi CR senioru nad 70 a 80 let"]
[Site "?"]
[Date "2017.08.25"]
[Round "7"]
[White "Vitek, Vaclav"]
[Black "Fiser, Jiri"]
[Result "1/2-1/2"]
[WhiteElo "1995"]
[BlackElo "1901"]
[PlyCount "51"]
[EventDate "2017.08.19"]

1. d4 f5 2. e4 fxe4 3. Nc3 Nf6 4. Bg5 e6 5. Nxe4 Be7 6. Ng3 b6 7. Bd3 Bb7 8.
Nf3 Nc6 9. c3 O-O 10. Qc2 h6 11. h4 d6 12. Bg6 Na5 13. O-O-O Bxf3 14. gxf3 Nd5
15. Bxe7 Qxe7 16. Bh7+ Kh8 17. Be4 Rae8 18. c4 Nf6 19. Bg6 Rb8 20. Rde1 Qd7 21.
b3 Nc6 22. Qd2 d5 23. Ne2 dxc4 24. bxc4 Rbd8 25. Rd1 e5 26. d5 1/2-1/2

[Event "Mistrovstvi CR senioru nad 70 a 80 let"]
[Site "?"]
[Date "2017.08.25"]
[Round "7"]
[White "Folta, Jaroslav"]
[Black "Pojedziniec, Wladyslaw"]
[Result "0-1"]
[WhiteElo "1794"]
[BlackElo "1961"]
[PlyCount "64"]
[EventDate "2017.08.19"]

1. d4 f5 2. Bg5 g6 3. e3 Bg7 4. h4 d6 5. h5 h6 6. hxg6 hxg5 7. Rxh8 Bxh8 8. Qh5
Bg7 9. Nf3 Nf6 10. Qxg5 e6 11. Nc3 Nbd7 12. O-O-O Ne4 13. Qh5 Ndf6 14. Qh2 Nxf2
15. Rd2 N2g4 16. Qg1 Bh6 17. Nd1 Ne4 18. Re2 Qf6 19. Nh2 Qxg6 20. Nxg4 fxg4 21.
g3 Bd7 22. Rh2 Bc6 23. Bd3 O-O-O 24. Qh1 Bg5 25. Rh8 d5 26. Rxd8+ Bxd8 27. Qe1
Be7 28. Qa5 a6 29. a3 Bd6 30. b4 Qe8 31. c4 dxc4 32. Bxc4 Bb5 0-1

[Event "Mistrovstvi CR senioru nad 70 a 80 let"]
[Site "?"]
[Date "2017.08.25"]
[Round "7"]
[White "Skokan, Zdenek"]
[Black "Bakalar, Jan"]
[Result "1/2-1/2"]
[WhiteElo "1936"]
[BlackElo "1946"]
[PlyCount "75"]
[EventDate "2017.08.19"]

1. e4 c5 2. Nf3 a6 3. c4 e6 4. Nc3 Qc7 5. g3 Nf6 6. Bg2 d6 7. b3 Nbd7 8. d4 b5
9. Qe2 b4 10. Nb1 Bb7 11. d5 g6 12. Bb2 Bg7 13. dxe6 fxe6 14. Nbd2 O-O 15. Ng5
Rfe8 16. O-O h6 17. Nh3 e5 18. Qd3 Nb8 19. Rae1 Nc6 20. f4 Nd4 21. Bxd4 cxd4
22. Nf2 Nd7 23. Qb1 Nc5 24. Nd3 a5 25. Nxc5 dxc5 26. f5 Qd6 27. Qd3 g5 28. Bf3
a4 29. Bh5 Rf8 30. h4 Bf6 31. Nf3 axb3 32. axb3 Ra3 33. hxg5 hxg5 34. Nh2 Kg7
35. Bd1 Rh8 36. Ng4 Ra1 37. Bc2 Rxe1 38. Rxe1 1/2-1/2

[Event "Mistrovstvi CR senioru nad 70 a 80 let"]
[Site "?"]
[Date "2017.08.25"]
[Round "7"]
[White "Mesiarik, Rudolf"]
[Black "Slizek, Josef"]
[Result "1-0"]
[WhiteElo "2068"]
[BlackElo "1926"]
[Annotator "Doe,John"]
[PlyCount "88"]
[EventDate "2017.08.19"]

1. Nf3 c5 2. c4 Nf6 3. g3 Nc6 4. d4 cxd4 5. Nxd4 Qb6 6. Nb3 Qb4+ 7. N1d2 e6 8.
Bg2 Na5 9. a3 Qa4 10. Nxa5 Qxa5 11. O-O Be7 12. b4 Qc7 13. Bb2 O-O 14. e4 d6
15. Qe2 e5 16. Rac1 b6 17. h3 Rb8 18. f4 g6 19. Kh2 Nh5 20. f5 Qd8 21. Bf3 Ng7
22. g4 Bg5 23. Rc3 Bf4+ 24. Kg2 Qg5 25. Rd3 gxf5 26. exf5 Nxf5 27. Ne4 Qg6 28.
Kh1 Ng3+ 29. Nxg3 Bxg3 30. Be4 Bb7 31. Bxb7 Rxb7 32. Rxg3 f5 33. Qd3 Rg7 34.
Rfg1 f4 35. Qxg6 Rxg6 36. R3g2 f3 37. Rc2 e4 38. Bd4 Rc8 39. Rgc1 Re6 40. Rc3
Kf7 41. Kh2 Rc6 42. Kg3 Kg6 43. Kf4 Rc8 44. h4 Rf8+ {NEÈITELNÝ ZÁPIS!} 1-0

[Event "Mistrovstvi CR senioru nad 70 a 80 let"]
[Site "?"]
[Date "2017.08.25"]
[Round "7"]
[White "Vlachopulos, Elefteris"]
[Black "Leiner, Raimund"]
[Result "0-1"]
[WhiteElo "1751"]
[BlackElo "1981"]
[PlyCount "52"]
[EventDate "2017.08.19"]

1. d4 Nf6 2. c4 e6 3. Nf3 d5 4. Nc3 Be7 5. Bg5 h6 6. Bh4 O-O 7. e3 c6 8. Bd3
dxc4 9. Bxc4 Nbd7 10. O-O Nb6 11. Bb3 Nbd5 12. h3 Nxc3 13. bxc3 Ne4 14. Bxe7
Qxe7 15. Qd3 Nf6 16. Ne5 Nd7 17. Bc2 g6 18. Nxg6 fxg6 19. Qxg6+ Qg7 20. Qxe6+
Kh8 21. f4 Nf6 22. Qe5 Bxh3 23. Rf2 Rae8 24. Qc5 Rxe3 25. Rd1 Nd5 26. Rdf1 Rg8
0-1

[Event "Mistrovstvi CR senioru nad 70 a 80 let"]
[Site "?"]
[Date "2017.08.25"]
[Round "7"]
[White "Glembek, Bohumir"]
[Black "Just, Pavel"]
[Result "0-1"]
[WhiteElo "1792"]
[BlackElo "1994"]
[PlyCount "84"]
[EventDate "2017.08.19"]

1. d4 Nf6 2. c4 e6 3. Nc3 Bb4 4. e3 Bxc3+ 5. bxc3 c5 6. Bd3 Qa5 7. Bd2 d6 8.
Ne2 Bd7 9. O-O Ba4 10. Bc2 Bxc2 11. Qxc2 Nbd7 12. Ng3 Qa6 13. Qb3 Nb6 14. Qb5+
Nfd7 15. Ne4 Ke7 16. dxc5 dxc5 17. Rfb1 Rhc8 18. a4 Nxc4 19. Bc1 Qxb5 20. Rxb5
b6 21. Nd2 Nxd2 22. Bxd2 Ne5 23. e4 Nc4 24. Bf4 Rd8 25. Kf1 Rd3 26. Rb3 e5 27.
Ke2 Rad8 28. Bc1 f6 29. Be3 Na5 30. Rba3 c4 31. R1a2 g5 32. g3 g4 33. f4 gxf3+
34. Kxf3 Rd1 35. h4 Ke6 36. g4 R8d3 37. Ke2 Rh1 38. Bf2 Rhh3 39. Rd2 Rxd2+ 40.
Kxd2 Nb3+ 41. Ke2 Rxc3 42. Be3 Nd4+ 0-1

[Event "Mistrovstvi CR senioru nad 70 a 80 let"]
[Site "?"]
[Date "2017.08.25"]
[Round "7"]
[White "Trojan, Lubos"]
[Black "Pavlu, Jiri"]
[Result "1/2-1/2"]
[WhiteElo "1989"]
[BlackElo "1822"]
[PlyCount "88"]
[EventDate "2017.08.19"]

1. d4 d5 2. Nf3 c6 3. Nbd2 Nf6 4. e3 Bg4 5. Bd3 Nbd7 6. c3 e5 7. dxe5 Nxe5 8.
Be2 Nxf3+ 9. Nxf3 Bd6 10. Qb3 Qb6 11. Qc2 Qc7 12. h3 Bh5 13. b3 Bg6 14. Bd3
Bxd3 15. Qxd3 O-O 16. Bb2 Qe7 17. Rd1 Rad8 18. O-O h6 19. c4 Bc7 20. Qc3 dxc4
21. Qxc4 Rxd1 22. Rxd1 Rd8 23. Rd4 Rxd4 24. Qxd4 Qe4 25. Qd1 Nd5 26. Bd4 b6 27.
Nd2 Qe6 28. Qg4 Qxg4 29. hxg4 c5 30. Bb2 f6 31. Kf1 Kf7 32. Ke2 Ke6 33. f4 g6
34. a3 Bd8 35. Kf3 Bc7 36. g3 f5 37. gxf5+ gxf5 38. e4 fxe4+ 39. Nxe4 h5 40.
Nd2 Kf5 41. Nc4 b5 42. Nd2 a6 43. Bg7 Nb6 44. Nf1 Nd5 1/2-1/2

[Event "Mistrovstvi CR senioru nad 70 a 80 let"]
[Site "?"]
[Date "2017.08.25"]
[Round "7"]
[White "Tomandl, Vladimir"]
[Black "Klimes, Jiri"]
[Result "0-1"]
[WhiteElo "1853"]
[BlackElo "1834"]
[PlyCount "66"]
[EventDate "2017.08.19"]

1. e4 e5 2. Nc3 Nf6 3. f4 d5 4. fxe5 Nxe4 5. Nxe4 dxe4 6. d4 exd3 7. Bxd3 Nc6
8. Nf3 Bg4 9. O-O Qd5 10. Bf4 O-O-O 11. Qe1 Bb4 12. Qg3 Bxf3 13. Qxf3 Nxe5 14.
Bf5+ Kb8 15. Qg3 f6 16. c3 Bc5+ 17. Kh1 g6 18. Bc2 Bd6 19. c4 Qxc4 20. Bb3 Qd4
21. Be3 Qg4 22. Qf2 Nc6 23. Bd5 Qh5 24. Bf4 Qxd5 25. Rad1 Qc5 26. Be3 Qh5 27.
g3 Qb5 28. a4 Qa5 29. Qf3 f5 30. Qf2 Rhe8 31. Rd2 Qxa4 32. Rfd1 Qe4+ 33. Kg1
Qxe3 0-1

[Event "Mistrovstvi CR senioru nad 70 a 80 let"]
[Site "?"]
[Date "2017.08.25"]
[Round "7"]
[White "Bainhofner, Jiri"]
[Black "Perik, Alois"]
[Result "1/2-1/2"]
[WhiteElo "1748"]
[BlackElo "1838"]
[PlyCount "31"]
[EventDate "2017.08.19"]

1. e4 c6 2. d4 d5 3. Nc3 dxe4 4. Nxe4 Bf5 5. Ng3 Bg6 6. c3 e6 7. Bd3 Bxd3 8.
Qxd3 Nf6 9. Nf3 Qc7 10. Ne4 Nxe4 11. Qxe4 Nd7 12. Bf4 Bd6 13. Bxd6 Qxd6 14.
O-O-O Nf6 15. Qe5 Qd5 16. Qxd5 1/2-1/2

[Event "Mistrovstvi CR senioru nad 70 a 80 let"]
[Site "?"]
[Date "2017.08.25"]
[Round "7"]
[White "Vesely, Emanuel"]
[Black "Haderka, Karel"]
[Result "1/2-1/2"]
[WhiteElo "1745"]
[BlackElo "1787"]
[PlyCount "76"]
[EventDate "2017.08.19"]

1. e4 e6 2. d4 d5 3. Nc3 Bb4 4. e5 Ne7 5. a3 Ba5 6. b4 Bb6 7. Na4 Bd7 8. Nc5
Bxc5 9. bxc5 Bc6 10. Bg5 Nd7 11. Bd3 Nf8 12. Nf3 Qd7 13. Bxe7 Qxe7 14. O-O Ng6
15. g3 O-O 16. h4 f5 17. Kg2 h6 18. Nh2 Be8 19. f4 Nh8 20. Qe2 Nf7 21. Nf3 g6
22. a4 Kg7 23. Rfb1 c6 24. a5 a6 25. Rb6 Nd8 26. Rab1 Rf7 27. Qd2 Kg8 28. Kf2
Qf8 29. Ke3 Qg7 30. Qh2 Re7 31. c3 Ra7 32. Rg1 h5 33. Qe2 Kh8 34. Qd1 Nf7 35.
Be2 Nh6 36. Ng5 Kg8 37. Qb1 Nf7 38. Nh3 Nh6 1/2-1/2

[Event "Mistrovstvi CR senioru nad 70 a 80 let"]
[Site "?"]
[Date "2017.08.26"]
[Round "8"]
[White "Fiser, Jiri"]
[Black "Zikmund, Jaroslav"]
[Result "0-1"]
[WhiteElo "1901"]
[BlackElo "1807"]
[PlyCount "86"]
[EventDate "2017.08.19"]

1. e4 c5 2. Nf3 Nc6 3. Bb5 a6 4. Bxc6 dxc6 5. h3 Nf6 6. d3 e6 7. Be3 Be7 8. Nc3
Qc7 9. Nd2 e5 10. O-O O-O 11. f4 Nd7 12. f5 Qd8 13. Nf3 Bf6 14. g4 h6 15. Qd2
Kh7 16. Kh2 Rh8 17. Kg3 Be7 18. h4 f6 19. Rf2 Kg8 20. Rh1 Kf7 21. Rfh2 b6 22.
g5 Bf8 23. gxh6 gxh6 24. Kh3 h5 25. Rg1 Bg7 26. Rhg2 Rh7 27. Ne2 Bb7 28. Ng3
Bf8 29. Qc3 Qe8 30. Ng5+ fxg5 31. hxg5 Ke7 32. g6 Rh8 33. Bg5+ Kd6 34. Rf1 Rg8
35. Nxh5 Rh8 36. Kg4 Be7 37. Bxe7+ Qxe7 38. Qe1 Nf6+ 39. Nxf6 Qxf6 40. Rh1 Rag8
41. Rgh2 Rxh2 42. Rxh2 Bc8 43. Kg3 Bxf5 0-1

[Event "Mistrovstvi CR senioru nad 70 a 80 let"]
[Site "?"]
[Date "2017.08.26"]
[Round "8"]
[White "Leiner, Raimund"]
[Black "Vitek, Vaclav"]
[Result "1/2-1/2"]
[WhiteElo "1981"]
[BlackElo "1995"]
[PlyCount "31"]
[EventDate "2017.08.19"]

1. d4 f5 2. Nf3 Nf6 3. g3 e6 4. Bg2 Be7 5. O-O O-O 6. c4 c6 7. Nc3 d5 8. cxd5
exd5 9. Ne5 Nbd7 10. Nxd7 Bxd7 11. e3 Bd6 12. Ne2 Qe8 13. f3 Rd8 14. a3 Kh8 15.
b4 a6 16. Kh1 1/2-1/2

[Event "Mistrovstvi CR senioru nad 70 a 80 let"]
[Site "?"]
[Date "2017.08.26"]
[Round "8"]
[White "Klimes, Jiri"]
[Black "Skokan, Zdenek"]
[Result "1/2-1/2"]
[WhiteElo "1834"]
[BlackElo "1936"]
[PlyCount "22"]
[EventDate "2017.08.19"]

1. e4 e5 2. Nf3 Nc6 3. d4 exd4 4. Nxd4 Bc5 5. Be3 Qf6 6. c3 Nge7 7. Nf5 Bxe3 8.
Nxe3 d6 9. Nd2 Be6 10. Bd3 Ne5 11. Nf3 Nxf3+ 1/2-1/2

[Event "Mistrovstvi CR senioru nad 70 a 80 let"]
[Site "?"]
[Date "2017.08.26"]
[Round "8"]
[White "Just, Pavel"]
[Black "Bakalar, Jan"]
[Result "1/2-1/2"]
[WhiteElo "1994"]
[BlackElo "1946"]
[PlyCount "27"]
[EventDate "2017.08.19"]

1. e4 c5 2. Nf3 a6 3. c4 e6 4. Nc3 Qc7 5. Be2 Nf6 6. O-O Nc6 7. d3 Rb8 8. Be3
Be7 9. Qd2 d6 10. d4 b6 11. d5 Nd8 12. h3 O-O 13. b3 Bd7 14. a4 1/2-1/2

[Event "Mistrovstvi CR senioru nad 70 a 80 let"]
[Site "?"]
[Date "2017.08.26"]
[Round "8"]
[White "Innemann, Frantisek"]
[Black "Folta, Jaroslav"]
[Result "0-1"]
[WhiteElo "1872"]
[BlackElo "1794"]
[PlyCount "60"]
[EventDate "2017.08.19"]

1. e4 c6 2. d4 d5 3. e5 Qb6 4. c3 Bf5 5. Bd3 Bxd3 6. Qxd3 e6 7. b3 Nd7 8. Ne2
c5 9. O-O Ne7 10. Be3 Nc6 11. f4 g6 12. Nd2 h5 13. Nf3 cxd4 14. Nexd4 Nxd4 15.
cxd4 Ba3 16. Bc1 Be7 17. a4 O-O 18. Bd2 Rac8 19. Rfc1 Rc6 20. Rc2 Rfc8 21. Rac1
Rxc2 22. Rxc2 Rc6 23. g3 Qc7 24. Rxc6 bxc6 25. b4 Nb6 26. a5 Nc4 27. Be1 Qb7
28. Qc3 a6 29. Nd2 Bxb4 30. Qb3 Nxa5 0-1

[Event "Mistrovstvi CR senioru nad 70 a 80 let"]
[Site "?"]
[Date "2017.08.26"]
[Round "8"]
[White "Zeman, Ladislav"]
[Black "Trojan, Lubos"]
[Result "0-1"]
[WhiteElo "1771"]
[BlackElo "1989"]
[PlyCount "46"]
[EventDate "2017.08.19"]

1. e4 c5 2. Nc3 a6 3. a4 Nc6 4. g3 d6 5. Bg2 Nf6 6. Nge2 e5 7. O-O Rb8 8. Nd5
Nxd5 9. exd5 Ne7 10. c4 Bd7 11. f4 f6 12. b3 Qc8 13. Nc3 Bg4 14. Qe1 Ng6 15. d3
Be7 16. Qf2 exf4 17. Bxf4 O-O 18. Ne4 Qd7 19. Be3 Rbe8 20. Rab1 h6 21. Qd2 f5
22. Nc3 Bf6 23. d4 Rxe3 0-1

[Event "Mistrovstvi CR senioru nad 70 a 80 let"]
[Site "?"]
[Date "2017.08.26"]
[Round "8"]
[White "Bodlak, Stanislav"]
[Black "Jacek, Miloslav"]
[Result "0-1"]
[WhiteElo "1646"]
[BlackElo "1980"]
[PlyCount "68"]
[EventDate "2017.08.19"]

1. d4 Nf6 2. c4 e6 3. Nc3 c5 4. d5 exd5 5. cxd5 d6 6. e4 g6 7. Bf4 a6 8. a4 Bg7
9. Qd2 O-O 10. Bd3 Qe7 11. Nge2 Nbd7 12. O-O Ne5 13. Bxe5 Qxe5 14. f4 Qe7 15.
Kh1 Re8 16. Rae1 Bd7 17. Ng1 Rab8 18. Nf3 b5 19. axb5 axb5 20. e5 dxe5 21. Nxe5
Qd6 22. Nxd7 Qxd7 23. Rxe8+ Nxe8 24. Bxb5 Rxb5 25. Nxb5 Qxb5 26. Rb1 Nd6 27. h3
Ne4 28. Qe1 f5 29. Kh2 Qb8 30. Qc1 Bh6 31. g3 Qb6 32. Qg1 Bg7 33. d6 Bd4 34.
Qd1 Qxd6 0-1

[Event "Mistrovstvi CR senioru nad 70 a 80 let"]
[Site "?"]
[Date "2017.08.26"]
[Round "8"]
[White "Perik, Alois"]
[Black "Vesely, Emanuel"]
[Result "1/2-1/2"]
[WhiteElo "1838"]
[BlackElo "1745"]
[PlyCount "77"]
[EventDate "2017.08.19"]

1. c4 c5 2. Nc3 Nf6 3. g3 Nc6 4. Bg2 g6 5. Nf3 Bg7 6. O-O O-O 7. d4 cxd4 8.
Nxd4 Nxd4 9. Qxd4 d6 10. Rd1 Nd7 11. Qd2 Ne5 12. b3 Nc6 13. Bb2 Be6 14. Nd5
Bxb2 15. Qxb2 Bxd5 16. cxd5 Ne5 17. Qd4 Qb6 18. Rac1 Rac8 19. Qxb6 axb6 20. Bh3
f5 21. f4 Ng4 22. Bxg4 fxg4 23. Kf2 Kf7 24. Ke3 b5 25. Kd4 Rfd8 26. e4 Kf6 27.
Rf1 Re8 28. e5+ Kf5 29. Rfe1 g5 30. fxg5 Kxg5 31. a4 bxa4 32. bxa4 Rf8 33. exd6
exd6 34. Rxc8 Rxc8 35. Re7 Ra8 36. Rxh7 Rxa4+ 37. Kc3 Ra5 38. Kc4 Ra4+ 39. Kc3
1/2-1/2

[Event "Mistrovstvi CR senioru nad 70 a 80 let"]
[Site "?"]
[Date "2017.08.26"]
[Round "8"]
[White "Pavlu, Jiri"]
[Black "Bainhofner, Jiri"]
[Result "1/2-1/2"]
[WhiteElo "1822"]
[BlackElo "1748"]
[PlyCount "57"]
[EventDate "2017.08.19"]

1. d4 d6 2. Nf3 Nf6 3. c4 g6 4. Nc3 Bg7 5. e4 O-O 6. Be2 e5 7. d5 a5 8. h3 Na6
9. Be3 Bd7 10. a3 Qe8 11. Qc2 b6 12. O-O Nh5 13. Qd2 f5 14. Bh6 f4 15. Bxg7
Kxg7 16. Nh2 Nc5 17. Qd1 Nf6 18. f3 h5 19. Nb5 Na6 20. Qe1 g5 21. b4 Qc8 22.
bxa5 bxa5 23. Qxa5 g4 24. hxg4 hxg4 25. fxg4 Bxg4 26. Bxg4 Nxg4 27. Nxg4 Qxg4
28. Qc3 Rh8 29. Rf3 1/2-1/2